000 00682nam a2200229 i 4500
001 92757
003 ES-MaACL
005 20250315062551.0
007 t|
008 050429s2005 sp ||||1| spa d
020 _a84-321-3533-X
080 _a821.134.2-14"19"
100 1 _aRosales, Luis,
_d1910-1992
_999644
245 1 0 _aAntología poética /
_cLuis Rosales ; edición de Enrique García-Máiquez.
260 _aMadrid :
_bRialp,
_c[2005]
300 _a271 p. ;
_c18 cm.
490 1 _aAdonáis ;
_v580-581
700 1 _aGarcía-Máiquez, Enrique.
_954880
830 1 0 _aAdonáis
_v580-581
_9173743
852 4 _aES-MaACL
_jJ-23-580-581
999 _c92757
_d92757